000 00431nam a2200145 4500
001 131695
003 ES-MaACL
007 t|
008 070214s1917 sp r ||||1| spa d
100 1 _aRodríguez Lafora, Gonzalo.
_998594
245 1 4 _aLos niños mentalmente anormales /
_cpor el Dr. Gonzalo R. Lafora.
260 _aMadrid :
_bLa Lectura,
_c1917.
300 _aXII, 576 p. :
_bil. ;
_c20 x 12 cm.
852 _aES-MaACL
_jB-6428
999 _c131695
_d131695